| 000 | 00368nam a22001457a 4500 | ||
|---|---|---|---|
| 003 | OSt | ||
| 005 | 20160727222338.0 | ||
| 008 | 160617b xxu||||| |||| 00| 0 eng d | ||
| 040 | _cTEST | ||
| 100 |
_915 _aBears, V.G |
||
| 245 |
_aFriends Give Good Gifts _bFriends Give Good Gifts |
||
| 260 |
_aMichigan _bEdu.Pub _c1991 |
||
| 300 | _aFriends Give Good Gifts | ||
| 942 |
_2ddc _cBK |
||
| 999 |
_c15 _d15 |
||